[Event "Arco op 45th"]
[Site "Arco"]
[Date "2023.10.10"]
[Round "4"]
[White "Kopelevitch, Eli"]
[Black "Leoni, Fabrizio"]
[Result "1/2-1/2"]
[WhiteElo "1709"]
[BlackElo "1950"]
[PlyCount "59"]
[EventDate "2023.10.07"]
[EventType "swiss"]
[EventRounds "9"]
[EventCountry "ITA"]
[SourceTitle "Mega2024 Update 01"]
[Source "Chessbase"]
[SourceDate "2023.11.12"]
[SourceVersion "1"]
[SourceVersionDate "2023.11.12"]
[SourceQuality "1"]

1. e4 c6 2. d4 d5 3. e5 Bf5 4. Nc3 e6 5. g4 Bg6 6. Nge2 h6 7. Nf4 Bh7 8. Bd3 Bxd3 9. Qxd3 Qa5 10. Bd2 Qa6 11. 0-0-0 Qxd3 12. Nxd3 Nd7 13. f4 Ne7 14. Rde1 g6 15. Ne2 h5 16. h3 0-0-0 17. b3 Bg7 18. Bb4 Rde8 19. a4 Kd8 20. Kb2 hxg4 21. hxg4 Rxh1 22. Rxh1 Rh8 23. Rxh8+ Bxh8 24. Bd6 Bg7 25. a5 a6 26. Nc3 Nc8 27. Ba3 Na7 28. Nc5 Nxc5 29. Bxc5 Nb5 30. Ne2 1/2-1/2

[Event "Albena op 19th"]
[Site "Albena"]
[Date "2011.06.29"]
[Round "5"]
[White "Simonian, Tigran"]
[Black "Kopelevitch, Eli"]
[Result "1-0"]
[WhiteElo "2294"]
[BlackElo "1842"]
[PlyCount "45"]
[EventDate "2011.06.25"]
[EventType "swiss"]
[EventRounds "9"]
[EventCountry "BUL"]
[SourceTitle "CBM 143 Extra"]
[Source "ChessBase"]
[SourceDate "2011.08.29"]
[SourceVersion "1"]
[SourceVersionDate "2011.08.29"]
[SourceQuality "1"]

1. d4 Nf6 2. c4 e6 3. Nf3 Bb4+ 4. Nc3 0-0 5. Bg5 h6 6. Bh4 d5 7. cxd5 exd5 8. e3 Qd6 9. Bd3 Ne4 10. Bxe4 dxe4 11. Nd2 Bf5 12. 0-0 Bxc3 13. bxc3 Nd7 14. Bg3 Qg6 15. Qb3 Qb6 16. Qd5 Be6 17. Qxe4 Qb2 18. Qd3 b6 19. a4 Ba2 20. Bxc7 Rfc8 21. Bd6 Rc6 22. Qb5 Qxc3 23. Rxa2 1-0